000 00472nam a2200181Ia 4500
005 20250508161813.0
008 008 250505s9999 xx 000 0 hin d
037 _aTextual
040 _aFEDL
_beng
_cFEDL
041 _ahin
_2eng
084 _aFH, PAL
_qFEDL
100 _aPalvakar K R
_9771593
245 0 _aNadi kinary ki kahaniya
260 _aJalandhar, India
_bHindi Bhavan
300 _a44p.
942 _cTEXL
_hFH, PAL
999 _c1372303
_d1372303